Chung cư Nam Tân Uyên
Đồ án tốt nghiệp Đại học trường Đại học Thủ Dầu Một, 2011 - 2015; Đồ án gồm: Phần 1 Kiến trúc: Chương 1. Tổng quan về thiết kế cấu trúc nhà cao tầng. Chương 2. Lựa chọn giải pháp kết cấu. Chương 3. Tính toán sàn tầng điển hình. Chươ...
Đã lưu trong:
| Hovedforfatter: | |
|---|---|
| Andre forfattere: | |
| Format: | Bog |
| Sprog: | Undetermined |
| Udgivet: |
Bình Dương, 2015
|
| Fag: | |
| Online adgang: | http://lrc.tdmu.edu.vn/opac/search/detail.asp?aID=2&ID=26348 |
| Tags: |
Tilføj Tag
Ingen Tags, Vær først til at tagge denne postø!
|
| Thư viện lưu trữ: | Trung tâm Học liệu Trường Đại học Thủ Dầu Một |
|---|
| LEADER | 01842nam a2200193Ia 4500 | ||
|---|---|---|---|
| 001 | TDMU_26348 | ||
| 008 | 210410s9999 xx 000 0 und d | ||
| 082 | |a 690.8314 | ||
| 090 | |b NG527 | ||
| 100 | |a Nguyễn, Hoàng Nhân | ||
| 245 | 0 | |a Chung cư Nam Tân Uyên | |
| 245 | 0 | |c Nguyễn Hoàng Nhân; ThS. Phan Thành Nhân, ThS. Nguyễn Viết Hùng (h.dẫn) | |
| 260 | |a Bình Dương, 2015 | ||
| 300 | |a 392tr. | ||
| 520 | |a Đồ án tốt nghiệp Đại học trường Đại học Thủ Dầu Một, 2011 - 2015; Đồ án gồm: Phần 1 Kiến trúc: Chương 1. Tổng quan về thiết kế cấu trúc nhà cao tầng. Chương 2. Lựa chọn giải pháp kết cấu. Chương 3. Tính toán sàn tầng điển hình. Chương 4. Tính toán và cấu tạo cầu thang. Chương 5. Tính toán và cấu tạo hồ nước mái. Chương 6. Đặc trưng động học công trình. Chương 7 Tính toán và bố trí thép khung trục 6. Chương 8. Tính toán móng cho khung trục 6; Phần 2: Chương 1 Khái quát về công trình. Chương 2. Thi công ép cọc. Chương 3. Thi công ép cừ thép và đào đất. Chương 4. Thiết kế biện pháp thi công đổ bê tông lót móng và đài móng điển hình. Chương 5 Thiết kế biện pháp thi công cột, dầm sàn. Chương 6. An toàn lao động | ||
| 650 | |a Đồ án tốt nghiệp; Xây dựng |x Chung cư Nam Tân Uyên |z Bình Dương | ||
| 700 | |a Nguyễn Minh Hùng | ||
| 856 | |u http://lrc.tdmu.edu.vn/opac/search/detail.asp?aID=2&ID=26348 | ||
| 980 | |a Trung tâm Học liệu Trường Đại học Thủ Dầu Một | ||